[Event "DVM U14 2014"]
[Site "Regensburg GER"]
[Date "2014.12.27"]
[Round "2"]
[White "Roseneck, Jonas"]
[Black "Keyser, Robin"]
[Result "1-0"]
[Termination "normal"]
[Board "4.2"]
[WhiteElo "1850"]
[BlackElo "1752"]
[WhiteTeam "SG Aufbau Elbe Magdeburg"]
[BlackTeam "SK Johanneum Eppendorf"]
[PlyCount "127"]
[WhiteFideId "12939870"]
[BlackFideId "12986429"]
[EventCountry "GER"]
[EventRounds "7"]
[EventType "team-swiss"]
[EventDate "2014.12.26"]

1. e4 {[%emt 0:00:00]} c5 2. Nf3 d6 3. d4 cxd4 4. Nxd4 Nf6 5. Nc3 a6 6. Be3 b5
7. f3 e6 8. Qd2 Bb7 9. O-O-O Nbd7 10. g4 Nb6 11. g5 Nfd7 12. Bd3 Rc8 13. h4 Ne5
14. Bf2 Nec4 15. Bxc4 Nxc4 16. Qd3 b4 17. Na4 d5 18. exd5 Bxd5 19. b3 Nd6 20.
Rhg1 Be7 21. Be3 Qa5 22. Kb1 Nc4 23. Bf2 Na3+ 24. Ka1 O-O 25. Rge1 Qc7 26. Rd2
Bd6 27. Rc1 Qb7 28. c4 bxc3 29. Nxc3 Bb4 30. Rdd1 Bxc3+ 31. Rxc3 Rxc3 32. Qxc3
Rc8 33. Qb2 Qe7 34. Rc1 Rb8 35. Nc6 Bxc6 36. Rxc6 Rd8 37. Rc1 Nb5 38. Bb6 Rb8
39. Ba5 Qb7 40. Qe5 Rc8 41. Rxc8+ Qxc8 42. Kb2 Qf8 43. Bb6 Qa3+ 44. Kb1 Qd6 45.
Qxd6 Nxd6 46. Kc2 Kf8 47. Kc3 g6 48. Bc5 Ke7 49. Kb4 Kd7 50. Bxd6 Kxd6 51. Ka5
Ke5 52. Kxa6 Kf4 53. b4 Kxf3 54. b5 e5 55. b6 e4 56. b7 e3 57. b8=Q e2 58. Qb4
Kf2 59. Qf4+ Kg2 60. Qe3 Kf1 61. Qf3+ Ke1 62. Kb5 Kd2 63. Qf4+ Kd3 64. Qb4 1-0

[Event "DVM U14 2014"]
[Site "Regensburg GER"]
[Date "2014.12.27"]
[Round "2"]
[White "Keyser, Philipp"]
[Black "Lellek, Lewin Louis"]
[Result "1-0"]
[Termination "normal"]
[Board "4.3"]
[WhiteElo "1643"]
[BlackElo "1541"]
[WhiteTeam "SK Johanneum Eppendorf"]
[BlackTeam "SG Aufbau Elbe Magdeburg"]
[PlyCount "145"]
[WhiteFideId "12986437"]
[BlackFideId "12971820"]
[EventCountry "GER"]
[EventRounds "7"]
[EventType "team-swiss"]
[EventDate "2014.12.26"]

1. e4 e5 2. Nf3 Nc6 3. Bb5 a6 4. Ba4 Nf6 5. d3 Bc5 6. c3 d6 7. O-O Bg4 8. Re1
O-O 9. Nbd2 Ne7 10. Nf1 Ng6 11. h3 Be6 12. Ng3 b5 13. Bc2 Re8 14. Be3 Ba7 15.
Bxa7 Rxa7 16. d4 c6 17. dxe5 dxe5 18. Qxd8 Rxd8 19. a3 Rad7 20. Rad1 Rxd1 21.
Rxd1 Rxd1+ 22. Bxd1 Kf8 23. Kf1 Ke7 24. Nf5+ Kf8 25. Bc2 Nd7 26. Ne3 f6 27. b4
Nb6 28. h4 Ne7 29. g3 h6 30. Ke2 Nec8 31. Nd2 Nd6 32. Bd3 Na4 33. Nd1 Ke7 34.
Bc2 Nb6 35. Ne3 g6 36. f4 Nd7 37. f5 Bf7 38. fxg6 Bxg6 39. Kf3 h5 40. a4 Kd8
41. a5 Kc7 42. g4 Kd8 43. Nf5 Nxf5 44. exf5 Bf7 45. g5 fxg5 46. hxg5 Bd5+ 47.
Kg3 Ke8 48. Kh4 Kf8 49. Kxh5 Kg7 50. Ne4 Bf7+ 51. g6 Bd5 52. f6+ Nxf6+ 53. Nxf6
Kxf6 54. Kg4 e4 55. Kf4 Kxg6 56. Bxe4+ Bxe4 57. Kxe4 Kf6 58. Kd4 Ke6 59. Kc5
Kd7 60. Kb6 Kd6 61. Kxa6 c5 62. Kxb5 cxb4 63. cxb4 Kc7 64. Kc5 Kb7 65. b5 Kc7
66. a6 Kb8 67. Kb6 Ka8 68. Kc7 Ka7 69. b6+ Ka8 70. b7+ Ka7 71. b8=Q+ Kxa6 72.
Qb4 Ka7 73. Qa5# 1-0

[Event "DVM U14 2014"]
[Site "Regensburg GER"]
[Date "2014.12.27"]
[Round "2"]
[White "Kirsten, Annika"]
[Black "Palzer, Luca"]
[Result "0-1"]
[Termination "normal"]
[Board "4.4"]
[WhiteElo "1428"]
[BlackElo "1276"]
[WhiteTeam "SG Aufbau Elbe Magdeburg"]
[BlackTeam "SK Johanneum Eppendorf"]
[PlyCount "60"]
[WhiteFideId "12961124"]
[BlackFideId "16200683"]
[EventCountry "GER"]
[EventRounds "7"]
[EventType "team-swiss"]
[EventDate "2014.12.26"]

1. e4 c5 2. Nf3 d6 3. d4 cxd4 4. Nxd4 Nf6 5. Nc3 a6 6. Be3 e6 7. Bc4 b5 8. Bb3
Bb7 9. f3 Nbd7 10. O-O Nc5 11. Qd2 Nxb3 12. Nxb3 Be7 13. Rad1 O-O 14. Na5 Qxa5
15. Nd5 Qd8 16. Bb6 Qd7 17. Nxe7+ Qxe7 18. Qxd6 Qxd6 19. Rxd6 Rac8 20. c3 Rc6
21. Rxc6 Bxc6 22. Rd1 Rc8 23. Ba5 Nd7 24. Kf2 f6 25. b3 Ne5 26. Rd6 Kf7 27. Bb6
Bb7 28. Bd4 Ke7 29. Rb6 Rc7 30. b4 Nc4 0-1

[Event "DVM U14 2014"]
[Site "Regensburg GER"]
[Date "2014.12.27"]
[Round "2"]
[White "Tong, Kevin"]
[Black "Nicklaus, Timm"]
[Result "1-0"]
[Termination "normal"]
[Board "5.1"]
[WhiteElo "1857"]
[BlackElo "1522"]
[WhiteTeam "SC Erlangen"]
[BlackTeam "SK König Plauen"]
[PlyCount "77"]
[WhiteFideId "12913944"]
[BlackFideId "12957143"]
[EventCountry "GER"]
[EventRounds "7"]
[EventType "team-swiss"]
[EventDate "2014.12.26"]

1. e4 c5 2. Nf3 Nc6 3. d4 cxd4 4. Nxd4 Nf6 5. Nc3 d6 6. Be3 e6 7. f3 Be7 8. Qd2
a6 9. g4 Qc7 10. O-O-O b5 11. h4 Na5 12. h5 Nc4 13. Bxc4 bxc4 14. g5 Nd7 15. g6
Nf6 16. gxf7+ Kxf7 17. h6 g6 18. Rhf1 Rb8 19. Bg5 Qb6 20. b3 cxb3 21. cxb3 a5
22. f4 Ba6 23. Rf3 Rhc8 24. Kb2 Rc4 25. e5 Ne8 26. Bxe7 Kxe7 27. exd6+ Nxd6 28.
f5 gxf5 29. Qg5+ Kd7 30. Qg7+ Kc8 31. Nxe6 Rg4 32. Qe7 Rg2+ 33. Ka1 Rg1 34. Kb1
Bc4 35. Qf8+ Kb7 36. Qe7+ Kc8 37. Rxg1 Qxg1+ 38. Kb2 Qb6 39. Na4 1-0

[Event "DVM U14 2014"]
[Site "Regensburg GER"]
[Date "2014.12.27"]
[Round "2"]
[White "Linnert, Niklas"]
[Black "Haas, Maximilian"]
[Result "1-0"]
[Termination "normal"]
[Board "5.2"]
[WhiteElo "1541"]
[BlackElo "1708"]
[WhiteTeam "SK König Plauen"]
[BlackTeam "SC Erlangen"]
[PlyCount "71"]
[WhiteFideId "12974781"]
[BlackFideId "12959219"]
[EventCountry "GER"]
[EventRounds "7"]
[EventType "team-swiss"]
[EventDate "2014.12.26"]

1. e4 e6 2. Nf3 d5 3. e5 c5 4. b4 Qb6 5. bxc5 Bxc5 6. d4 Be7 7. Bd3 Bd7 8. O-O
Nc6 9. c3 a6 10. Be3 Na5 11. Nbd2 Qb2 12. Qc1 Ba3 13. Nb3 Qxb3 14. axb3 Bxc1
15. Rxa5 Bxe3 16. fxe3 h6 17. e4 Ne7 18. c4 dxc4 19. bxc4 Nc6 20. Ra3 O-O 21.
d5 Nb4 22. Nd4 Rac8 23. Be2 Rfd8 24. Rb1 a5 25. Rxa5 Na6 26. Nb5 Rc5 27. Ra3
exd5 28. exd5 Bxb5 29. Rxb5 Rxb5 30. cxb5 Nc5 31. Bc4 Nd7 32. e6 Ne5 33. e7 Re8
34. d6 b6 35. Re3 Ng4 36. d7 1-0

[Event "DVM U14 2014"]
[Site "Regensburg GER"]
[Date "2014.12.27"]
[Round "2"]
[White "Tschammer, Kai"]
[Black "Graf, Lucas"]
[Result "0-1"]
[Termination "normal"]
[Board "5.3"]
[WhiteElo "1637"]
[BlackElo "1523"]
[WhiteTeam "SC Erlangen"]
[BlackTeam "SK König Plauen"]
[PlyCount "108"]
[WhiteFideId "12939099"]
[BlackFideId "12974889"]
[EventCountry "GER"]
[EventRounds "7"]
[EventType "team-swiss"]
[EventDate "2014.12.26"]

1. e4 c5 2. Nc3 Nc6 3. f4 e6 4. Bb5 Qc7 5. d3 Nge7 6. Nf3 a6 7. Bxc6 Nxc6 8.
O-O Be7 9. f5 O-O 10. Ne2 d5 11. Ng3 b5 12. Bg5 Bxg5 13. Nxg5 exf5 14. exf5 Qe5
15. Qc1 h6 16. Nf3 Qf6 17. Ne1 Re8 18. Rf3 Nd4 19. Rf1 Bxf5 20. c3 Ne2+ 21.
Nxe2 Rxe2 22. Qf4 Be6 23. Qxf6 gxf6 24. Rxf6 Rxb2 25. Rxh6 Kg7 26. Rh4 Rh8 27.
Rf4 Kg6 28. h3 a5 29. Rf2 Rxf2 30. Kxf2 b4 31. cxb4 axb4 32. Nc2 Bf5 33. Ne1 c4
34. dxc4 dxc4 35. Nf3 f6 36. Nd4 Rc8 37. Rc1 Bd3 38. Kf3 Ra8 39. Nc6 b3 40. Nb4
b2 41. Nxd3 bxc1=Q 42. Nxc1 Kf5 43. g4+ Ke5 44. h4 Ra3+ 45. Kg2 Kf4 46. g5 fxg5
47. hxg5 Rg3+ 48. Kf2 Rxg5 49. Ke2 Rg2+ 50. Kd1 Ke3 51. a4 c3 52. Nb3 Rb2 53.
Nc1 c2+ 54. Ke1 Rb1 0-1

[Event "DVM U14 2014"]
[Site "Regensburg GER"]
[Date "2014.12.27"]
[Round "2"]
[White "Burian, Simon"]
[Black "Grüninger, Maxim"]
[Result "1-0"]
[Termination "normal"]
[Board "5.4"]
[WhiteElo "1769"]
[BlackElo "1604"]
[WhiteTeam "SK König Plauen"]
[BlackTeam "SC Erlangen"]
[PlyCount "55"]
[WhiteFideId "12956902"]
[BlackFideId "12942960"]
[EventCountry "GER"]
[EventRounds "7"]
[EventType "team-swiss"]
[EventDate "2014.12.26"]

1. e4 c5 2. d4 cxd4 3. c3 dxc3 4. Nxc3 Nc6 5. Nf3 g6 6. Bc4 Bg7 7. Qe2 d6 8.
O-O Nf6 9. Rd1 Bd7 10. Be3 O-O 11. Rac1 Rc8 12. a3 Rc7 13. b4 Qc8 14. Nb5 Nxe4
15. Nxc7 Qxc7 16. b5 Nc3 17. Rxc3 Bxc3 18. bxc6 Bxc6 19. Rc1 Bg7 20. Ng5 a6 21.
Qg4 a5 22. Qh4 h5 23. g4 d5 24. gxh5 Rd8 25. hxg6 fxg6 26. Qh7+ Kf8 27. Qxg6
Kg8 28. Ne6 1-0

[Event "DVM U14 2014"]
[Site "Regensburg GER"]
[Date "2014.12.27"]
[Round "2"]
[White "Qiu, Oliver"]
[Black "Kroschel, Anton"]
[Result "0-1"]
[Termination "normal"]
[Board "6.1"]
[WhiteElo "1405"]
[BlackElo "1658"]
[WhiteTeam "Gütersloher SV"]
[BlackTeam "Lübecker SV"]
[PlyCount "66"]
[WhiteFideId "16200713"]
[BlackFideId "12969834"]
[EventCountry "GER"]
[EventRounds "7"]
[EventType "team-swiss"]
[EventDate "2014.12.26"]

1. e4 d6 2. d4 Nf6 3. Nc3 g6 4. Nf3 Bg7 5. Bc4 c6 6. d5 O-O 7. O-O Bg4 8. h3
Bxf3 9. Qxf3 Nbd7 10. Bf4 Nh5 11. Bh2 Ne5 12. Bxe5 Bxe5 13. Rfd1 c5 14. Rab1 a6
15. a4 Rb8 16. b4 cxb4 17. Rxb4 Qc7 18. Ne2 a5 19. Rb5 Qxc4 20. Qb3 Qxb3 21.
cxb3 b6 22. b4 axb4 23. Rxb4 Nf4 24. Ng3 Bc3 25. Rb3 Ba5 26. Kf1 h5 27. h4 Rbc8
28. Rf3 e5 29. dxe6 fxe6 30. Ne2 Nxe2 31. Rxf8+ Kxf8 32. Kxe2 Rc2+ 33. Kf3 Ke7
0-1

[Event "DVM U14 2014"]
[Site "Regensburg GER"]
[Date "2014.12.27"]
[Round "2"]
[White "Bosselmann, Tom Linus"]
[Black "Kandler, Philipp"]
[Result "1-0"]
[Termination "normal"]
[Board "6.2"]
[WhiteElo "1623"]
[BlackElo "1353"]
[WhiteTeam "Lübecker SV"]
[BlackTeam "Gütersloher SV"]
[PlyCount "81"]
[WhiteFideId "12983845"]
[BlackFideId "16200772"]
[EventCountry "GER"]
[EventRounds "7"]
[EventType "team-swiss"]
[EventDate "2014.12.26"]

1. e4 {[%emt 0:00:00]} c5 2. Nf3 Nc6 3. Bb5 d6 4. d4 cxd4 5. Nxd4 Bd7 6. O-O g6
7. f3 Bg7 8. Bxc6 bxc6 9. Nb3 c5 10. Nc3 Nf6 11. Be3 O-O 12. Qd2 Re8 13. e5
dxe5 14. Nxc5 Bf5 15. Rad1 Qc7 16. Qe2 Nd7 17. Rd5 Nb6 18. Rd2 Nd7 19. Nxd7
Bxd7 20. Rfd1 Be6 21. Nd5 Qb7 22. b3 h5 23. Bc5 Bh6 24. Be3 Bxe3+ 25. Qxe3 Red8
26. Nf6+ exf6 27. Rxd8+ Rxd8 28. Rxd8+ Kg7 29. Rd1 Bf5 30. c4 Qa6 31. Qe2 e4
32. Rd2 exf3 33. Qxf3 Qa5 34. Qf2 a6 35. h3 Qe5 36. Re2 Qa1+ 37. Kh2 Qd1 38.
Rd2 Qa1 39. Rd6 Qe5+ 40. Qg3 Qa5 41. Rd5 1-0

[Event "DVM U14 2014"]
[Site "Regensburg GER"]
[Date "2014.12.27"]
[Round "2"]
[White "Fortenbacher, Dominic"]
[Black "Pommerenke, Kayonzo"]
[Result "1-0"]
[Termination "normal"]
[Board "6.3"]
[WhiteElo "1484"]
[BlackElo "1562"]
[WhiteTeam "Gütersloher SV"]
[BlackTeam "Lübecker SV"]
[PlyCount "73"]
[WhiteFideId "16200780"]
[BlackFideId "12968129"]
[EventCountry "GER"]
[EventRounds "7"]
[EventType "team-swiss"]
[EventDate "2014.12.26"]

1. e4 e5 2. Nf3 Nf6 3. Nc3 Bb4 4. Bc4 d6 5. h3 Be6 6. Bb3 c6 7. O-O O-O 8. d3
h6 9. Bxe6 fxe6 10. Ne2 Nbd7 11. Be3 d5 12. c3 Ba5 13. Ng3 Qc7 14. Qc1 Rf7 15.
exd5 exd5 16. Nf5 Raf8 17. Nxh6+ gxh6 18. Bxh6 Re8 19. Qg5+ Kh8 20. Nh4 Rg8 21.
Qf5 Nf8 22. Bxf8 Rgxf8 23. Ng6+ Kg7 24. Nxf8 Kxf8 25. Rfe1 Ne4 26. Qh5 Nxf2 27.
Qh8+ Ke7 28. Rxe5+ Kd6 29. Qh6+ Kxe5 30. Re1+ Kf5 31. g4+ Nxg4 32. Qe6+ Kg5 33.
Qxg4+ Kh6 34. Re6+ Kh7 35. Qg6+ Kh8 36. Re8+ Rf8 37. Rxf8# 1-0

[Event "DVM U14 2014"]
[Site "Regensburg GER"]
[Date "2014.12.27"]
[Round "2"]
[White "Watzlawik, Lee-David"]
[Black "Neumann, Theodor"]
[Result "1-0"]
[Termination "normal"]
[Board "6.4"]
[WhiteElo "1370"]
[BlackElo "1352"]
[WhiteTeam "Lübecker SV"]
[BlackTeam "Gütersloher SV"]
[PlyCount "179"]
[WhiteFideId "1270474"]
[BlackFideId "16200799"]
[EventCountry "GER"]
[EventRounds "7"]
[EventType "team-swiss"]
[EventDate "2014.12.26"]

1. e4 e5 2. d4 exd4 3. c3 Be7 4. Nf3 d6 5. cxd4 Nf6 6. Nc3 Nc6 7. Bc4 Bg4 8.
Qb3 Na5 9. Bxf7+ Kf8 10. Qa4 Bxf3 11. gxf3 Kxf7 12. Qxa5 Qd7 13. Nd5 c6 14.
Nxe7 Qxe7 15. Bg5 d5 16. e5 h6 17. Bxf6 gxf6 18. f4 Rhg8 19. Ke2 Rg4 20. Ke3
fxe5 21. dxe5 b6 22. Qc3 c5 23. Qb3 c4 24. Qd1 Qe6 25. Qd4 Rag8 26. Rad1 Rd8
27. Rd2 h5 28. Rhd1 Rh4 29. f3 Rh3 30. Qc3 Qc6 31. Qd4 Qe6 32. Rg1 Rh4 33. Rg5
Qh6 34. Rdg2 Rd7 35. e6+ Qxe6+ 36. Re5 Qf6 37. Rgg5 Re7 38. Rg7+ Kxg7 39. Rxe7+
Kg6 40. Rxa7 Qxd4+ 41. Kxd4 Rxf4+ 42. Kxd5 Rxf3 43. Kxc4 Rf2 44. b4 Rxh2 45.
Ra6 Kg5 46. a4 Rh4+ 47. Kb5 Rf4 48. Rxb6 h4 49. Rb8 h3 50. Rg8+ Kf6 51. Rh8
Rf5+ 52. Ka6 Rf4 53. Rxh3 Rxb4 54. Ka5 Rb1 55. Rh4 Ke7 56. Rd4 Ke6 57. Ka6 Rb2
58. a5 Ke5 59. Rd8 Rb4 60. Ka7 Rb5 61. a6 Rb1 62. Ka8 Ke6 63. a7 Ke7 64. Rb8
Ra1 65. Kb7 Kd7 66. a8=Q Rb1+ 67. Ka6 Ra1+ 68. Kb5 Rxa8 69. Rxa8 Kc7 70. Re8
Kd6 71. Re4 Kd5 72. Re8 Kd4 73. Kb4 Kd5 74. Kc3 Kd6 75. Kd4 Kc6 76. Rd8 Kc7 77.
Rd5 Kc6 78. Kc4 Kb6 79. Rc5 Kb7 80. Kb5 Ka8 81. Kb6 Kb8 82. Rh5 Kc8 83. Rh7 Kd8
84. Kc6 Ke8 85. Kd6 Kf8 86. Ke6 Kg8 87. Rf7 Kh8 88. Kf6 Kg8 89. Kg6 Kh8 90.
Rf8# 1-0

[Event "DVM U14 2014"]
[Site "Regensburg GER"]
[Date "2014.12.27"]
[Round "2"]
[White "Grimm, Ling Leander"]
[Black "Dalchow, Jonas"]
[Result "1-0"]
[Termination "normal"]
[Board "7.1"]
[WhiteElo "1668"]
[BlackElo "1429"]
[WhiteTeam "SK Bebenhausen"]
[BlackTeam "SC 1997 Lambsheim"]
[PlyCount "59"]
[WhiteFideId "12968277"]
[BlackFideId "12971251"]
[EventCountry "GER"]
[EventRounds "7"]
[EventType "team-swiss"]
[EventDate "2014.12.26"]

1. e4 c6 2. d4 d5 3. e5 Bf5 4. Nf3 e6 5. Be2 Ne7 6. O-O h6 7. Nbd2 Ng6 8. Nb3
Be7 9. Ne1 Nf8 10. Bd2 Nbd7 11. Nd3 Bxd3 12. Bxd3 Ng6 13. f4 O-O 14. Qg4 Nh8
15. f5 Bg5 16. fxe6 Bxd2 17. Nxd2 fxe6 18. Qxe6+ Nf7 19. Qg6 Ng5 20. h4 Rxf1+
21. Rxf1 Nf8 22. Rxf8+ Kxf8 23. hxg5 hxg5 24. Nf3 Qb6 25. e6 Qc7 26. Ne5 Rd8
27. Qxg5 Rd6 28. Qf4+ Ke8 29. Bg6+ Kd8 30. Qf8# 1-0

[Event "DVM U14 2014"]
[Site "Regensburg GER"]
[Date "2014.12.27"]
[Round "2"]
[White "De Rentiis, Davide Luca"]
[Black "Wacker, Andreas"]
[Result "0-1"]
[Termination "normal"]
[Board "7.3"]
[WhiteElo "1226"]
[BlackElo "1564"]
[WhiteTeam "SK Bebenhausen"]
[BlackTeam "SC 1997 Lambsheim"]
[PlyCount "66"]
[WhiteFideId "12967050"]
[BlackFideId "12953083"]
[EventCountry "GER"]
[EventRounds "7"]
[EventType "team-swiss"]
[EventDate "2014.12.26"]

1. e4 {[%emt 0:00:00]} c6 2. d4 d5 3. Nc3 dxe4 4. Nxe4 Bf5 5. Ng3 Bg6 6. h4 h6
7. h5 Bh7 8. Nf3 e6 9. Be3 Nf6 10. Qd2 Be7 11. O-O-O Nd5 12. Bc4 Bb4 13. c3
Nxc3 14. Qxc3 Bxc3 15. bxc3 Qa5 16. Bd3 Qxc3+ 17. Kb1 Bxd3+ 18. Rxd3 Qxd3+ 19.
Kc1 Nd7 20. Rd1 Qa3+ 21. Kb1 Qb4+ 22. Kc1 c5 23. dxc5 Nxc5 24. Bxc5 Qxc5+ 25.
Kb1 Qb4+ 26. Ka1 Rc8 27. Nd2 Qc3+ 28. Kb1 Qc2+ 29. Ka1 Qxd1+ 30. Kb2 Qxd2+ 31.
Ka3 Qc3+ 32. Ka4 a6 33. a3 b5# 0-1

[Event "DVM U14 2014"]
[Site "Regensburg GER"]
[Date "2014.12.27"]
[Round "2"]
[White "Löffner, Miguel"]
[Black "Greitmann, Niklas"]
[Result "0-1"]
[Termination "normal"]
[Board "7.4"]
[WhiteElo "1211"]
[BlackElo "1123"]
[WhiteTeam "SC 1997 Lambsheim"]
[BlackTeam "SK Bebenhausen"]
[PlyCount "104"]
[WhiteFideId "12972436"]
[BlackFideId "16200705"]
[EventCountry "GER"]
[EventRounds "7"]
[EventType "team-swiss"]
[EventDate "2014.12.26"]

1. e4 c5 2. Nf3 Nc6 3. Nc3 g6 4. d3 Bg7 5. Be3 d6 6. d4 cxd4 7. Nxd4 Nf6 8. f3
O-O 9. Bd3 Ng4 10. Nxc6 Nxe3 11. Nxd8 Nxd1 12. Rxd1 Rxd8 13. O-O Be6 14. a3 a6
15. Rb1 Rac8 16. Ne2 f6 17. f4 Bf7 18. Ng3 d5 19. Rbe1 Kf8 20. exd5 Bxd5 21.
Re2 Bc4 22. Rfe1 Bxd3 23. cxd3 Rc7 24. Rd1 f5 25. b3 Rc3 26. Ree1 Rxb3 27. Rc1
Bf6 28. Red1 Rbxd3 29. Rxd3 Rxd3 30. Rc8+ Kf7 31. Rc7 b5 32. a4 b4 33. Ne2 b3
34. Rb7 b2 35. Rxb2 Bxb2 36. Ng3 Ra3 37. h3 Rxa4 38. Kh2 Rxf4 39. Ne2 Re4 40.
Ng3 a5 41. h4 a4 42. h5 a3 43. Nxe4 fxe4 44. hxg6+ Kxg6 45. g4 a2 46. g5 a1=Q
47. Kh3 Qh1+ 48. Kg4 Bd4 49. Kg3 Qf3+ 50. Kh2 Qf2+ 51. Kh3 Be5 52. Kg4 Qg3# 0-1

[Event "DVM U14 2014"]
[Site "Regensburg GER"]
[Date "2014.12.27"]
[Round "2"]
[White "Kühner, Tobias"]
[Black "Herrmann, Luca"]
[Result "1-0"]
[Termination "normal"]
[Board "8.1"]
[WhiteElo "1737"]
[BlackElo "1554"]
[WhiteTeam "SK Bickenbach"]
[BlackTeam "SC Tarrasch München"]
[PlyCount "67"]
[WhiteFideId "12973815"]
[BlackFideId "2811834"]
[EventCountry "GER"]
[EventRounds "7"]
[EventType "team-swiss"]
[EventDate "2014.12.26"]

1. d4 Nf6 2. Nf3 e6 3. c4 d5 4. Nc3 c6 5. Bf4 Bd6 6. Bg5 Nbd7 7. c5 Bc7 8. b4
e5 9. e4 exd4 10. Qxd4 dxe4 11. Nxe4 Qe7 12. Bd3 Ne5 13. O-O Nxf3+ 14. gxf3 Be5
15. Nd6+ Kf8 16. Bxf6 Qxf6 17. Qe3 Bxd6 18. cxd6 Qxd6 19. Rfe1 Be6 20. a3 g6
21. Qh6+ Kg8 22. Rad1 Qf8 23. Qf4 Qb8 24. Qe3 Kg7 25. f4 Re8 26. Qd4+ Kg8 27.
f5 gxf5 28. Qh4 Kh8 29. Qf6+ Kg8 30. Re3 f4 31. Re5 Kf8 32. Bxh7 Rd8 33. Rde1
Qd6 34. Rxe6 1-0

[Event "DVM U14 2014"]
[Site "Regensburg GER"]
[Date "2014.12.27"]
[Round "2"]
[White "Klenk, Sofie"]
[Black "Wenzel, Calvin"]
[Result "1-0"]
[Termination "normal"]
[Board "8.2"]
[WhiteElo "1817"]
[BlackElo "1619"]
[WhiteTeam "SC Tarrasch München"]
[BlackTeam "SK Bickenbach"]
[PlyCount "119"]
[WhiteFideId "12996653"]
[BlackFideId "12973920"]
[EventCountry "GER"]
[EventRounds "7"]
[EventType "team-swiss"]
[EventDate "2014.12.26"]

1. e4 {[%emt 0:00:00]} e5 2. Nf3 Nc6 3. Bb5 f5 4. Nc3 fxe4 5. Nxe4 d5 6. Nc3
Bd6 7. Nxd5 e4 8. Nd4 Bc5 9. Qh5+ Kf8 10. Nxc6 bxc6 11. Bxc6 Rb8 12. Nc3 Bxf2+
13. Ke2 Nf6 14. Qg5 Qd4 15. Bxe4 Nxe4 16. Qf4+ Nf6 17. Qxf2 Bg4+ 18. Kf1 Qe5
19. b3 Rb4 20. Ba3 c5 21. Bxb4 cxb4 22. Re1 Qc7 23. Nd5 Qd6 24. Nxf6 gxf6 25.
Qe3 Kf7 26. Qxa7+ Kg6 27. Qe3 Qb8 28. Qg3 Qb5+ 29. Qd3+ Qf5+ 30. Qxf5+ Bxf5 31.
c3 bxc3 32. dxc3 Ra8 33. a4 Rb8 34. b4 Rc8 35. Re3 Bc2 36. a5 Ba4 37. Kf2 Bb5
38. Rd1 Bc4 39. Rd6 Ra8 40. Rc6 Bb5 41. Rc5 Bd7 42. c4 h5 43. Ra3 Be8 44. b5
Kf7 45. a6 Ke7 46. Rd3 Bg6 47. Rd4 Be8 48. Rc7+ Ke6 49. a7 f5 50. b6 Ke5 51.
Rd2 f4 52. Re7+ Kf6 53. Rxe8 Rxe8 54. b7 h4 55. b8=Q Rxb8 56. axb8=Q h3 57.
Qxf4+ Ke6 58. Rd6+ Ke7 59. Qf6+ Ke8 60. Rd8# 1-0

[Event "DVM U14 2014"]
[Site "Regensburg GER"]
[Date "2014.12.27"]
[Round "2"]
[White "Riemann, Jonas"]
[Black "Joebges, Nico"]
[Result "0-1"]
[Termination "normal"]
[Board "8.3"]
[WhiteElo "1434"]
[BlackElo "1573"]
[WhiteTeam "SK Bickenbach"]
[BlackTeam "SC Tarrasch München"]
[PlyCount "134"]
[WhiteFideId "12977462"]
[BlackFideId "12992291"]
[EventCountry "GER"]
[EventRounds "7"]
[EventType "team-swiss"]
[EventDate "2014.12.26"]

1. e4 e5 2. Nf3 Nc6 3. Bc4 Bc5 4. c3 Nf6 5. d3 d6 6. O-O Bg4 7. Be3 Bb6 8. Nbd2
Qd7 9. Qc2 Na5 10. Bb3 Nxb3 11. Qxb3 O-O 12. Rad1 Rfe8 13. Rfe1 Be6 14. c4 Bxe3
15. Rxe3 Qc6 16. Qc3 Qb6 17. Rb1 Ng4 18. Re2 c6 19. h3 Nf6 20. b4 Qc7 21. Nb3
Rac8 22. Rc2 Nh5 23. Re1 Nf4 24. d4 exd4 25. Nfxd4 a6 26. Re3 Ng6 27. Na5 Qd7
28. Qd2 c5 29. Nf3 Ne5 30. Nxe5 dxe5 31. Qxd7 Bxd7 32. bxc5 Rb8 33. Rb2 Bc6 34.
Nxc6 bxc6 35. Rxb8 Rxb8 36. Rb3 Rxb3 37. axb3 a5 38. Kf1 Kf8 39. Ke2 Ke7 40.
Ke3 Ke6 41. f4 Kf6 42. g3 h6 43. Kf3 g6 44. h4 Ke6 45. fxe5 Kxe5 46. Ke3 h5 47.
Kd3 f6 48. Ke3 g5 49. Kf3 gxh4 50. gxh4 f5 51. Ke3 fxe4 52. Ke2 Kd4 53. Kd2 e3+
54. Ke2 Ke4 55. Ke1 Kd3 56. Kd1 Kc3 57. Ke2 Kxb3 58. Kxe3 a4 59. Kf4 a3 60. Kg5
a2 61. Kxh5 a1=Q 62. Kh6 Kxc4 63. h5 Qg1 64. Kh7 Kd5 65. h6 Ke6 66. Kh8 Kf7 67.
h7 Qg7# 0-1

[Event "DVM U14 2014"]
[Site "Regensburg GER"]
[Date "2014.12.27"]
[Round "2"]
[White "Joebges, Julia"]
[Black "Nguyen, Truong Thinh"]
[Result "1-0"]
[Termination "normal"]
[Board "8.4"]
[WhiteElo "1582"]
[BlackElo "1163"]
[WhiteTeam "SC Tarrasch München"]
[BlackTeam "SK Bickenbach"]
[PlyCount "109"]
[WhiteFideId "12983446"]
[BlackFideId "12983977"]
[EventCountry "GER"]
[EventRounds "7"]
[EventType "team-swiss"]
[EventDate "2014.12.26"]

1. e4 e6 2. d4 d5 3. exd5 exd5 4. Nf3 Nf6 5. Bd3 Nc6 6. O-O Be7 7. c3 O-O 8.
Bg5 Re8 9. Nbd2 Bg4 10. Qc2 g6 11. Rfe1 a6 12. Bxf6 Bxf6 13. Rxe8+ Qxe8 14. Qb3
Rb8 15. Qxd5 Ne7 16. Qc4 Qc6 17. Qb3 b5 18. Re1 Be6 19. Qa3 Qd6 20. b4 Kg7 21.
Ne4 Qc6 22. Nc5 Rb6 23. Qb2 Qd5 24. a3 c6 25. Qe2 Bf5 26. a4 Bxd3 27. Qxd3 Qc4
28. Qxc4 bxc4 29. a5 Rb8 30. Nxa6 Ra8 31. Nc5 Nd5 32. Na4 h6 33. Nd2 c5 34.
dxc5 Nxc3 35. Nb6 Rd8 36. Ndxc4 Nb5 37. g3 Bc3 38. Rb1 h5 39. Rb3 Bd4 40. a6
Re8 41. Na3 Nc7 42. a7 f6 43. Nb5 Nxb5 44. a8=Q Rxa8 45. Nxa8 Be5 46. Rd3 Nd4
47. Nb6 g5 48. Nc4 Kf7 49. Nd6+ Ke7 50. b5 Kd7 51. Nf5 Kc7 52. Nxd4 Bxd4 53.
Rxd4 Kb7 54. c6+ Kb6 55. Rd7 1-0

[Event "DVM U14 2014"]
[Site "Regensburg GER"]
[Date "2014.12.27"]
[Round "2"]
[White "Roos, Jonas"]
[Black "Fuhrmann, Michel"]
[Result "1-0"]
[Termination "normal"]
[Board "9.1"]
[WhiteElo "1736"]
[BlackElo "1583"]
[WhiteTeam "SC Porta Westfalica"]
[BlackTeam "Frankfurter TV 1860"]
[PlyCount "65"]
[WhiteFideId "16200721"]
[BlackFideId "12963887"]
[EventCountry "GER"]
[EventRounds "7"]
[EventType "team-swiss"]
[EventDate "2014.12.26"]

1. e4 c5 2. d4 cxd4 3. c3 dxc3 4. Nxc3 Nc6 5. Bc4 g6 6. Nf3 Bg7 7. O-O d6 8. h3
Nf6 9. Qe2 O-O 10. Re1 Nd7 11. Bf4 a6 12. Rac1 Nde5 13. Nxe5 Nxe5 14. Bxe5 Bxe5
15. Nd5 Be6 16. Ne3 Bxc4 17. Nxc4 Bg7 18. e5 d5 19. e6 Rc8 20. exf7+ Rxf7 21.
Qe6 d4 22. Nd6 Rxc1 23. Qxf7+ Kh8 24. Rxc1 exd6 25. Rc7 Qg8 26. Qd7 d5 27. h4
d3 28. Kf1 Bxb2 29. Rc8 d4 30. Rxg8+ Kxg8 31. Qd5+ Kg7 32. Qxb7+ Kf6 33. Qxb2
1-0